000 00784nam a2200229 a 4500
001 000017844
005 20200929165242.0
008 100406s1989 dr ac 000 0bspa d
040 _aDO-SdBNP
_bspa
_cBNPHU
082 _a923.7
_bC965u
100 1 _aCuello, Antonio,
_d1906-
_919700
245 1 4 _aUna vida /
_cAntonio Cuello.
260 _aSanto Domingo :
_bTaller,
_c1989.
300 _a228 p. :
_bil., retrs. ;
_c24 cm.
490 1 _aBiblioteca taller
_v265
500 _aIncluye datos biográficos del autor : p. 11-13.
590 _aInventariado, 2020/VM
650 4 _aProfesores
_zRepública Dominicana
_vBIOGRAFÍAS
_938747
650 4 _aEducación
_zRepública Dominicana
_xHistoria
_913100
830 0 _aBiblioteca taller
_v265
_9164
910 _aValidado. Control de calidad EMS
999 _c17368
_d17368